A survey of manuscripts used in editions of the Greek New Testament /

Bibliographic Details
Main Author: Elliott, J. K. (James Keith)
Format: Book
Language:English
Published: Leiden ; New York : E.J. Brill, 1987.
Series:Supplements to Novum Testamentum ; v. 57.
Subjects:

MARC

Tag First Indicator Second Indicator Subfields
LEADER 00000cam a2200000 a 4500
001 in00000028093
005 20151007055957.0
008 870219s1987 ne b 00010 eng
010 |a  87006327  
020 |a 9004081097 
035 |a (OCoLC)15283935 
035 |9 AAB9782AM 
040 |a DLC  |c DLC  |d TXA  |d UtOrBLW 
049 |a TXAM  |c [A11496546] 
050 0 0 |a BS1939  |b .E57 1987 
082 0 |a 225.4/8  |2 19 
100 1 |a Elliott, J. K.  |q (James Keith) 
245 1 2 |a A survey of manuscripts used in editions of the Greek New Testament /  |c by J.K. Elliott. 
264 1 |a Leiden ;  |a New York :  |b E.J. Brill,  |c 1987. 
300 |a xxxvi, 280 pages ;  |c 25 cm. 
336 |a text  |b txt  |2 rdacontent 
337 |a unmediated  |b n  |2 rdamedia 
338 |a volume  |b nc  |2 rdacarrier 
490 1 |a Supplements to Novum Testamentum ;  |v v. 57 
500 |a Chiefly tables. 
504 |a Bibliography: pages 278-280. 
630 0 0 |a Bible.  |p New Testament  |x Manuscripts, Greek. 
830 0 |a Supplements to Novum Testamentum ;  |v v. 57. 
999 |a MARS 
999 f f |s 744ff638-e51d-3bf9-a386-3a3e6e1e7205  |i 7b9e2d36-5c51-3219-a0b9-b39390987317  |t 0 
952 f f |p ric  |a Texas A&M University  |b Rellis Campus  |c Joint Library Facility  |d Remote Storage  |t 0  |e BS1939 .E57 1987  |h Library of Congress classification  |i unmediated -- volume  |m A14811496546 
998 f f |a BS1939 .E57 1987  |t 0  |l Remote Storage